000 00706nab a2200229 a 4500
005 20210219161708.0
008 991125s1985 mx 000 0 spa u
035 _aUPN01000190226
100 1 _aDe la Cruz Flores, Gabriela
222 _aPERFILES EDUCATIVOS
245 _aAtributos de tutores de posgrado por campo disciplinario : la perspectiva de estudiantes de la Universidad Autónoma Nacional Autónoma de México
260 _aMéxico
300 _a10-27
362 0 _a2012 3a época, vol. 34, no. 138
653 0 _aPOSGRADO
653 0 _aUNAM
653 0 _aTUTORES
653 0 _aREDES SEMANTICAS
700 1 _aAbreu Hernández, Luis Felipe,
700 1 _ecoaut.
905 _aArticulo
999 _c162329
_d162329